Carregando...

Advances in aquatic ecology, Vol.1

Detalhes bibliográficos
Autor principal: Sakhare, Vishwas B, Ed
Formato: Printed Book
Publicado em: Daya Publishing House, Delhi 2007
Assuntos:
LEADER 00599nam a2200193 4500
020 |c 950 
082 |a 577.6 SAK-A.1 
100 |a Sakhare, Vishwas B, Ed. 
245 |a Advances in aquatic ecology, Vol.1 
250
260 |a Daya Publishing House, Delhi  |c 2007 
300 |a 194 
490
500
590 |a Priya  |b 2011-03-28 11:53:58  |c 950 
650 |a Aquatic ecology-- Fresh water ecology-- Pond ecology-- Limnology 
942 |c BK 
999 |c 97628  |d 97628 
952 |0 0  |1 0  |4 0  |6 577_600000000000000_SAKA_1  |7 0  |9 111096  |a AQU  |b AQU  |g 950.00  |l 0  |o 577.6 SAK-A.1  |p AQU04117  |r 2019-09-25  |w 2019-09-25  |y BK